|
|
|
|
| LEADER |
03308nam a2200757 4500 |
| 001 |
ocn904248857 |
| 003 |
OCoLC |
| 005 |
20170124072225.6 |
| 006 |
m o d |
| 007 |
cr cnu|||unuuu |
| 008 |
150302s2015 nju o 101 0 eng d |
| 040 |
|
|
|a DG1
|b eng
|e rda
|e pn
|c DG1
|d N$T
|d E7B
|d IDEBK
|d YDXCP
|d CDX
|d COO
|d OCLCO
|d OCLCF
|d OCLCO
|d OHI
|d OCLCO
|d DEBBG
|d K6U
|d GrThAP
|
| 019 |
|
|
|a 904248959
|a 961518388
|a 962727954
|
| 020 |
|
|
|a 9781119093428
|q electronic bk.
|
| 020 |
|
|
|a 1119093422
|q electronic bk.
|
| 020 |
|
|
|a 9781119093411
|
| 020 |
|
|
|a 1119093414
|
| 020 |
|
|
|z 9781119082439
|
| 020 |
|
|
|a 1119082439
|
| 020 |
|
|
|a 9781119082439
|
| 024 |
7 |
|
|a 10.1002/9781119093428
|2 doi
|
| 029 |
1 |
|
|a CHVBK
|b 334090717
|
| 029 |
1 |
|
|a CHBIS
|b 010442413
|
| 029 |
1 |
|
|a AU@
|b 000054852820
|
| 029 |
1 |
|
|a NZ1
|b 16078511
|
| 029 |
1 |
|
|a DEBBG
|b BV043397570
|
| 035 |
|
|
|a (OCoLC)904248857
|z (OCoLC)904248959
|z (OCoLC)961518388
|z (OCoLC)962727954
|
| 050 |
|
4 |
|a TA480.M3
|
| 072 |
|
7 |
|a TEC
|x 009000
|2 bisacsh
|
| 072 |
|
7 |
|a TEC
|x 035000
|2 bisacsh
|
| 082 |
0 |
4 |
|a 620.1/87
|2 23
|
| 049 |
|
|
|a MAIN
|
| 111 |
2 |
|
|a Magnesium Technology (Symposium)
|n (16th :
|d 2015 :
|c Orlando, Fla.)
|
| 245 |
1 |
0 |
|a Magnesium technology 2015 :
|b proceedings of a symposium sponsored by Magnesium Committee of the Light Metals Division of The Minerals, Metals & Materials Society (TMS), held during TMS 2015, 144th Annual Meeting & Exhibition, March 15-19, 2015, Walt Disney World, Orlando, Florida, USA /
|c edited by Michele V. Manuel, Alok Singh, Martyn Alderman, Neale R. Neelameggham.
|
| 264 |
|
1 |
|a Hoboken, New Jersey :
|b Wiley,
|c 2015.
|
| 300 |
|
|
|a 1 online resource
|
| 336 |
|
|
|a text
|b txt
|2 rdacontent
|
| 337 |
|
|
|a computer
|b c
|2 rdamedia
|
| 338 |
|
|
|a online resource
|b cr
|2 rdacarrier
|
| 500 |
|
|
|a International conference proceedings.
|
| 500 |
|
|
|a Includes indexes.
|
| 588 |
0 |
|
|a Online resource; title from PDF title page (John Wiley, viewed March 2, 2015).
|
| 504 |
|
|
|a Includes bibliographical references and indexes.
|
| 650 |
|
0 |
|a Magnesium
|v Congresses.
|
| 650 |
|
0 |
|a Magnesium
|x Metallurgy
|v Congresses.
|
| 650 |
|
0 |
|a Magnesium alloys
|v Congresses.
|
| 650 |
|
0 |
|a Materials science
|v Congresses.
|
| 650 |
|
7 |
|a TECHNOLOGY & ENGINEERING / Engineering (General)
|2 bisacsh
|
| 650 |
|
7 |
|a TECHNOLOGY & ENGINEERING / Reference
|2 bisacsh
|
| 650 |
|
7 |
|a Magnesium.
|2 fast
|0 (OCoLC)fst01005589
|
| 650 |
|
7 |
|a Magnesium alloys.
|2 fast
|0 (OCoLC)fst01005603
|
| 650 |
|
7 |
|a Magnesium
|x Metallurgy.
|2 fast
|0 (OCoLC)fst01005600
|
| 650 |
|
7 |
|a Materials science.
|2 fast
|0 (OCoLC)fst01011957
|
| 655 |
|
4 |
|a Electronic books.
|
| 655 |
|
7 |
|a Electronic books.
|2 local
|
| 655 |
|
7 |
|a Conference papers and proceedings.
|2 fast
|0 (OCoLC)fst01423772
|
| 655 |
|
0 |
|a Electronic books.
|
| 700 |
1 |
|
|a Manuel, Michele V.,
|e editor.
|
| 700 |
1 |
|
|a Singh, Alok
|c (Metallurgist),
|e editor.
|
| 700 |
1 |
|
|a Alderman, Martyn,
|e editor.
|
| 700 |
1 |
|
|a Neelameggham, Neal R.
|q (Neal Ramaswami),
|e editor.
|
| 710 |
2 |
|
|a Minerals, Metals and Materials Society.
|b Magnesium Committee,
|e sponsoring body.
|
| 710 |
2 |
|
|a Minerals, Metals and Materials Society.
|b Annual Meeting
|n (144th :
|d 2015 :
|c Orlando, Fla.)
|
| 776 |
0 |
8 |
|i Print version:
|w (OCoLC)904248857
|z 9781119093428
|
| 856 |
4 |
0 |
|u https://doi.org/10.1002/9781119093428
|z Full Text via HEAL-Link
|
| 994 |
|
|
|a 92
|b DG1
|